Yılanların öcü (Record no. 11819)

MARC details
000 -BAŞLIK
Sabit Uzunlukta Kontrol Alanı 00545na a2200205 4500
001 - KONTROL NUMARASI
Denetim Alanı 24442
003 - KONTROL NUMARASI IDENTIFIER
Denetim Alanı MIRAKIL
005 - SON İŞLEM TARİHİ VE ZAMANI
Denetim Alanı 20181226104235.0
008 - SABİT-BOY VERİ ELEMANLARI - GENEL BİLGİLER
Sabit Uzunlukta Kontrol Alanı 181017b tu 000 0
041 ## - DİL KODU
Metin / Ses Parça Veya Ayrı Başlığın Dil Kodu tur
082 ## - DEWEY ONLU SINIFLANDIRMA NUMARASI
Sınıflandırma Numarası 813.42
Ürün Numarası B29y 1959
090 ## - SINIFLAMA NUMARASI
Sınıflama Numarası 813.42 B29y 1959
100 ## - ANA GİRİŞ - KİŞİSEL İSİM
Kişisel Ad Baykurt, Fakir
245 ## - BAŞLIK TABLOSU
Başlık Yılanların öcü
Sorumluluk Tablosu, Vb Fakir Baykurt
260 ## - YAYIN, DAĞITIM, VB
Yayın, Dağıtım, Vb Yeri İstanbul
Yayıncı, Dağıtıcı, Vs Adı Remzi Kitabevi
Yayın, Dağıtım, Vb Tarihi 1959
Üretici Firma yükselen Matbaası
300 ## - FİZİKSEL TANIM
Kapsam 240 s.
Boyutlar 19 sm.
650 ## - KONU KATMA GİRİŞ - TOPİKAL DÖNEM
Topikal Süreli Veya Coğrafi Ad Giriş Elemanı Türk Edebiyatı
Genel Alt Bölümü Roman
942 ## - EKLENDİ GİRİŞ ELEMANLARI (KOHA)
Sınıflandırma Veya Raf Düzeni Kaynak Dewey Decimal Classification
Koha Öğesi Türü Books
040 ## - KATALOGLAMA KAYNAK
Orijinal Kataloglama Ajansı Milas
Kataloglama Dili tur
Metne Dönüştürmek Ajansı TR-AnCHP
999 ## - SİSTEM KONTROL NUMARALARI (KOHA)
Koha Biblionumber 11819
Koha Biblioitemnumber 11819
Holdings
Kullanım Kısıtlamaları Kalıcı Konum Mevcut Konum Edinme Tarihi Toplam Check-Out'Lar Tam Çağrı Numarası Barkod Tarih Son Görülme İtibaren Geçerli Fiyatlar Sigara Kamu Notu Koha Öğesi Türü
  Parti Okulu Kütüphanesi Parti Okulu Kütüphanesi 10/17/2018   813.42 B29y 1959 P00213 10/17/2018 10/17/2018 Books